|
|
|
|
| LEADER |
00000cam a2200000 7i4500 |
| 001 |
0000072522 |
| 005 |
20220105103901.0 |
| 008 |
170515 |
| 020 |
|
|
|a 9789675015229
|
| 020 |
|
|
|a 9789675015250 (set)
|
| 090 |
0 |
0 |
|a MOR
|b MAL
|
| 245 |
0 |
0 |
|a Kebijaksanaan sang kancil
|
| 260 |
|
|
|a Selangor :
|b Qaff publications ,
|c 2007
|
| 300 |
|
|
|a 16pg :
|b Col.ill
|
| 490 |
1 |
|
|a Bacaan Prasekolah, buku besar saya. Cerita-cerita fabel teladan.
|
| 500 |
|
|
|a Children age 4-6 years old (yellow)
|
| 650 |
|
0 |
|a Junior preschool
|x Malay
|x Languages
|
| 650 |
|
0 |
|a Moral
|
| 999 |
|
|
|a 0001129019
|b Book
|c Children Collection
|e Cawangan Segamat
|
| 999 |
|
|
|a 0001129020
|b Book
|c Children Collection
|e Cawangan Bandar Tenggara
|
| 999 |
|
|
|a 0001129022
|b Book
|c Children Collection
|e Cawangan Pontian
|